Statistics for European Geographic Groups of Four

Click here to take the quiz!

General Stats

  • This quiz has been taken 844 times
  • The average score is 32 of 48

Answer Stats

GroupAnswer% Correct
United Kingdom countriesScotland
99%
United Kingdom countriesEngland
98%
United Kingdom countriesWales
98%
United Kingdom countriesNorthern Ireland
97%
Official languages of SwitzerlandFrench
96%
Official languages of SwitzerlandGerman
95%
Countries that start with LLatvia
93%
Countries that start with LLithuania
92%
Official languages of SwitzerlandItalian
91%
Countries that start with LLuxembourg
91%
Most populous Nordic citiesOslo
91%
Countries that start with LLiechtenstein
90%
Largest European islands in the
Mediterranean Sea
Sicily
89%
Most populous Nordic citiesStockholm
89%
Most populous Nordic citiesHelsinki
87%
Capitals on the DanubeBudapest
86%
European countries bordering
the Black Sea
Ukraine
86%
Most populous Nordic citiesCopenhagen
85%
Most recent European cities to
host the Summer Olympics
London
84%
Capitals on the DanubeVienna
83%
European countries bordering
the Black Sea
Bulgaria
82%
European countries bordering
the Black Sea
Romania
82%
European countries bordering
the Black Sea
Russia
82%
Largest European islands in the
Mediterranean Sea
Sardinia
80%
Largest European islands in the
Mediterranean Sea
Corsica
77%
Longest rivers in FranceSeine
76%
Largest European islands in the
Mediterranean Sea
Crete
75%
Capitals on the DanubeBratislava
73%
Largest German states by areaBavaria
70%
Capitals on the DanubeBelgrade
70%
Mediterranean seas that border ItalyAdriatic Sea
67%
Most recent European cities to
host the Summer Olympics
Athens
64%
Most recent European cities to
host the Summer Olympics
Barcelona
61%
Official languages of SwitzerlandRomansh
61%
Longest rivers in FranceLoire
56%
Longest rivers in FranceRhône
48%
Most recent European cities to
host the Summer Olympics
Moscow
44%
Mediterranean seas that border ItalyIonian Sea
36%
Mediterranean seas that border ItalyTyrrhenian Sea
28%
Largest German states by areaBaden-Württemberg
21%
Largest German states by areaNorth Rhine- Westphalia
21%
Largest German states by areaLower Saxony
20%
Largest lakesLake Ladoga
19%
Mediterranean seas that border ItalyLigurian Sea
15%
Longest rivers in FranceGaronne
12%
Largest lakesLake Onega
11%
Largest lakesVänern
7%
Largest lakesSaimaa
3%

Score Distribution

Percentile by Number Answered

Percent of People with Each Score

Your Score History

You have not taken this quiz